Cuando poeta

محفوظ في:
التفاصيل البيبلوغرافية
المؤلف الرئيسي: Jiménez, Mayra
التنسيق: كتاب
اللغة:Undetermined
منشور في: Heredia, Costa Rica Universidad Nacional 1979
الموضوعات:
الوسوم: إضافة وسم
لا توجد وسوم, كن أول من يضع وسما على هذه التسجيلة!

MARC

LEADER 00000nam a2200000Ia 4500
008 170316s9999 xx 000 0 und d
040 |a cru BVZT 
090 |a 868 J-8c 
100 |a Jiménez, Mayra 
245 |a Cuando poeta 
260 |a Heredia, Costa Rica 
260 |b Universidad Nacional 
260 |c 1979 
300 |a 12 páginas 
650 |a LITERATURA COSTARRICENSE 
650 |a POESÍA 
942 |c 15 D 
999 |c 11235  |d 11235